| 000 | 01288nam0a2200349 4500 | ||
|---|---|---|---|
| 001 | RU\NLR\bibl\304213 | ||
| 005 | 20250620150031.0 | ||
| 021 |
_aRU _b2002-22354 _91118 |
||
| 035 | _a(NLR Aleph) 000299388 | ||
| 090 |
_a1753986 _c1753986 |
||
| 100 | _a20020904d2001 |||y0rusy50 ca | ||
| 101 | 0 | _arus | |
| 102 | _aRU | ||
| 105 | _aa ||||||||| | ||
| 200 | 1 |
_aВекторная графика: графический редактор Corel Draw 9.0 _eМетод. пособие для студентов _f[Сост.: О. В. Молина, А. В. Савкина] |
|
| 210 |
_aРузаевка _c[б. и.] _d2001 |
||
| 215 |
_a48 с. _cил. _d20 |
||
| 606 | 0 |
_aCOREL DRAW 9.0, графический редактор _jМетодические пособия _92158217 _3RU\NLR\auth\661299068 |
|
| 610 | 0 | _aКомпьютеры персональные - Редакторы графические | |
| 675 |
_a004.92(075.8) _v3 _zrus |
||
| 686 |
_a50 _2rugasnti |
||
| 686 |
_a32.973.26-018.2я73 _2rubbk |
||
| 686 | _aЗ973.23-018-07я73-1 | ||
| 702 | 1 |
_aМолина _bО. В. _4220 |
|
| 801 | 0 |
_aRU _bRKP _c20020904 _gPSBO |
|
| 801 | 1 |
_aRU _bRKP _c20020904 |
|
| 801 | 2 |
_aRU _bNLR _c20021010 _grcr |
|
| 942 | _cBOOK | ||
| 980 | _aNB | ||
| 980 | _aNBR | ||